La atencin̤ mďica a los enfermos crn̤icos Contribuciones de una evaluacin̤ cualitativa /

Bibliographic Details
Main Author: Tejada Tayabas, Luz Mara̕
Other Authors: Mercado Martn̕ez, Francisco Javier
Format: eBook
Language:Spanish
Published: Mx̌ico D.F.: Plaza y Valdš Editores, 2013
Subjects:
Online Access:Acceso restringido

MARC

LEADER 00000nam a22000007a 4500
005 20130711165350.0
007 cr|||| ||||
008 130711s2013 mx |||||s|||| 00||0 spa d
035 |a 11412 
040 |a vLex 
090 |c 4430  |d 4430 
100 1 |a Tejada Tayabas, Luz Mara̕ 
245 1 3 |a La atencin̤ mďica a los enfermos crn̤icos  |h [Recurso electrn̤ico] :  |b Contribuciones de una evaluacin̤ cualitativa /  |c Luz Mara̕ Tejada Tayabas, Francisco Javier Mercado Martn̕ez  
256 |a Servicio en ln̕ea 
260 |a Mx̌ico D.F.:  |b Plaza y Valdš Editores,  |c 2013 
300 |a 1 recurso electrn̤ico 
506 1 |a Contenido solo disponible en los productos indicados  |d vLex Global  |d vLex Global (Academic Edition, excluding Law Schools)  |d vLex Global (U.S. Academic Edition, Law Schools)  |d vLex Global (U.S. Academic Edition, excluding Law Schools)  |d vLex Global (Academic Edition, Law Schools) 
650 0 4 |a Asistencia Mďica  |z Mx̌ico 
650 0 4 |a Enfermos crn̤icos  |z Mx̌ico 
700 2 |a Mercado Martn̕ez, Francisco Javier 
740 0 |a vLex Libros (Servicio en ln̕ea) 
856 4 0 |u http://vlex.com/source/atencion-medica-enfermos-cronicos-11412  |z Acceso restringido 
942 |c BOOK 
999 0 |a Chronically ill 
999 0 |a Medical care